Plánování v zemědělství 1

Salvato in:
Dettagli Bibliografici
Autore principale: Jelínek, Jiří
Ente Autore: Vysoká škola ekonomická v Praze. Výrobně ekonomická fakulta
Altri autori: Kubeša, Milan
Natura: Libro
Lingua:ceco
Pubblicazione: Praha Státní pedagogické nakladatelství 1984
Tags: Aggiungi Tag
Nessun Tag, puoi essere il primo ad aggiungerne!!

MARC

LEADER 00000nam a2200000 4500
001 c108843
005 20190423073956.4
041 0 |a cze 
044 |a CZ 
245 1 0 |a Plánování v zemědělství 1  |c Jiří Jelínek, Milan Kubeša 
264 1 |a Praha  |b Státní pedagogické nakladatelství  |c 1984 
300 |a 98 s. 
100 1 |a Jelínek, Jiří 
700 1 |a Kubeša, Milan 
710 2 |a Vysoká škola ekonomická v Praze. Výrobně ekonomická fakulta